The State, Civil Society and the Democratisation Process in Nigeria (Record no. 1864)

MARC details
000 -LEADER
fixed length control field 00575nam a22002057a 4500
003 - CONTROL NUMBER IDENTIFIER
control field OSt
005 - DATE AND TIME OF LATEST TRANSACTION
control field 20230925081142.0
008 - FIXED-LENGTH DATA ELEMENTS--GENERAL INFORMATION
fixed length control field 150525b xxu||||| |||| 00| 0 eng d
022 ## - INTERNATIONAL STANDARD SERIAL NUMBER
Source 08502633
040 ## - CATALOGING SOURCE
Transcribing agency 04
082 ## - DEWEY DECIMAL CLASSIFICATION NUMBER
Classification number 320 ABU 1994
100 ## - MAIN ENTRY--PERSONAL NAME
Personal name Abutudu Musa I
9 (RLIN) 4898
245 ## - TITLE STATEMENT
Title The State, Civil Society and the Democratisation Process in Nigeria
260 ## - PUBLICATION, DISTRIBUTION, ETC. (IMPRINT)
Place of publication, distribution, etc. Africa :
Name of publisher, distributor, etc. Codesria;
Date of publication, distribution, etc. 1995.
300 ## - PHYSICAL DESCRIPTION
Extent 42 p :
Dimensions 25 cm
504 ## - BIBLIOGRAPHY, ETC. NOTE
Bibliography, etc Includes bibliographical references and index.
650 ## - SUBJECT ADDED ENTRY--TOPICAL TERM
Topical term or geographic name as entry element Civil Society
9 (RLIN) 1227
650 ## - SUBJECT ADDED ENTRY--TOPICAL TERM
Topical term or geographic name as entry element Democracy
9 (RLIN) 1184
942 ## - ADDED ENTRY ELEMENTS (KOHA)
Source of classification or shelving scheme Other/Generic Classification Scheme
Koha item type Short Loan
Holdings
Withdrawn status Lost status Source of classification or shelving scheme Damaged status Not for loan Home library Current library Date acquired Source of acquisition Inventory number Total Checkouts Full call number Barcode Date last seen Koha item type
    Dewey Decimal Classification     MUST Main Library MUST Main Library 25/05/2015 Donation 02/16979   320 ABU 1994 2015-1577 25/05/2015 Short Loan